[Event "AUTO-MASTER-1720"]
[Site "http://www.queenalice.com/game.php?id=1096627"]
[Date "2012.8.26"]
[Round "1"]
[White "fernandocomparsi"]
[Black "attachui"]
[Result "1-0"]
[WhiteElo "2098"]
[BlackElo "2144"]

1. e4 c5 2. Nf3 d6 3. c4 Nf6 4. d3 g6 5. Nc3 Bg7 6. Bd2 O-O 7. e5 dxe5 8. Nxe5
Nbd7 9. Nxd7 Bxd7 10. Be3 b6 11. Be2 Qc7 12. Bf3 Rad8 13. O-O Bf5 14. Be2 e5 15.
f3 e4 16. fxe4 Nxe4 17. Nd5 Rxd5 18. cxd5 Bxb2 19. dxe4 Bxe4 20. d6 Qc6 21. d7
Rd8 22. Qb3 Rxd7 23. Bb5 1-0

[Event "AUTO-MASTER-1720"]
[Site "http://www.queenalice.com/game.php?id=1096628"]
[Date "2012.8.26"]
[Round "1"]
[White "attachui"]
[Black "fernandocomparsi"]
[Result "1-0"]
[WhiteElo "2124"]
[BlackElo "2096"]

1. d4 d5 2. c4 c6 3. Nf3 Nf6 4. Nc3 e6 5. a3 Be7 6. Bf4 O-O 7. e3 Nh5 8. Bg3 Nd7
9. cxd5 cxd5 10. Nb5 Nxg3 11. hxg3 a6 12. Nc3 Nf6 13. Bd3 h6 14. Rc1 Bd7 15. Bb1
Bc6 16. Ne5 Qb6 17. Qc2 Bb5 18. a4 Bc4 19. Nd7 Qb3 20. Nxf6+ 1-0

[Event "OS INCLIVEIS"]
[Site "http://www.queenalice.com/game.php?id=1098966"]
[Date "2012.9.2"]
[Round "-"]
[White "adelio"]
[Black "fernandocomparsi"]
[Result "0-1"]
[WhiteElo "1785"]
[BlackElo "2075"]

1. f4 g6 2. c4 Bg7 3. d4 e6 4. Nf3 d5 5. Nc3 dxc4 6. e4 c6 7. b4 b5 8. a3 Bb7 9.
Ra2 a6 10. h4 h5 11. e5 Ne7 12. Ng5 Nf5 13. Nce4 Qxd4 14. Nd6+ Kf8 15. Qxd4 Nxd4
16. Nxb7 Nf5 17. Rd2 Ke7 18. Rh3 Ra7 19. Nc5 Nd7 20. Nxf7 Kxf7 21. Nxd7 Bh6 22.
Rf3 Nxh4 23. Rff2 Nf5 24. Nf6 Ne3 25. Rd7+ Rxd7 26. Nxd7 Ng4 27. Re2 Rd8 28. Nc5
Rd4 29. g3 h4 30. gxh4 Bxf4 31. Bxf4 Rxf4 32. Rd2 Nxe5 33. Bg2 Rxh4 34. Bxc6
Nxc6 35. Nxa6 Rh1+ 36. Kf2 Rh2+ 37. Ke3 Rxd2 38. Kxd2 g5 39. Nc5 Kf6 40. a4 bxa4
41. Nxa4 Nxb4 42. Kc3 Ke5 43. Kxb4 Kd4 44. Nc3 g4 45. Nb5+ Kd3 46. Nd6 c3 47.
Nc4 g3 48. Ne5+ Ke4 49. Kxc3 g2 50. Ng4 g1=Q 51. Nf6+ Kf5 52. Nh5 Qc5+ 53. Kd3
e5 54. Ng3+ Kg4 55. Ne4 Qd4+ 56. Ke2 Qxe4+ 57. Kf2 Qd3 58. Kg2 Qe2+ 59. Kh1 Kg3
60. Kg1 Qe1# 0-1

[Event "AUTO-MASTER-1725"]
[Site "http://www.queenalice.com/game.php?id=1099214"]
[Date "2012.9.3"]
[Round "1"]
[White "VladimirSpirin"]
[Black "fernandocomparsi"]
[Result "0-1"]
[WhiteElo "2151"]
[BlackElo "2117"]

1. b3 Nf6 2. Bb2 e6 3. g3 g6 4. Bg2 Bg7 5. e3 O-O 6. d3 Nc6 7. Nd2 d5 8. Ne2 Ne7
9. h3 b6 10. O-O Bb7 11. g4 Qd6 12. a4 Nxg4 13. hxg4 Bxb2 14. Rb1 Bg7 15. d4 c5
16. c3 f5 17. g5 e5 18. Nf3 e4 19. Nh2 Qd8 20. Nf4 Qd7 21. Re1 cxd4 22. cxd4
Rac8 23. Rc1 Rxc1 24. Qxc1 Rc8 25. Qd2 Nc6 26. Rc1 a5 27. Bf1 Qd8 28. Nxd5 Qxg5+
29. Bg2 Nxd4 30. Rxc8+ Bxc8 31. Qd1 Qd8 32. exd4 Qxd5 33. Bf1 Qxd4 34. Bc4+ Kf8
35. Qe2 f4 36. Qe1 Bh3 37. Nf1 Qe5 38. Kh1 Bxf1 39. Qxf1 Qh5+ 40. Kg1 f3 41. Qd1
Qg4+ 42. Kf1 Qg2+ 43. Ke1 Bc3+ 0-1

[Event "AUTO-MASTER-1725"]
[Site "http://www.queenalice.com/game.php?id=1099215"]
[Date "2012.9.3"]
[Round "1"]
[White "fernandocomparsi"]
[Black "VladimirSpirin"]
[Result "1/2-1/2"]
[WhiteElo "2054"]
[BlackElo "2134"]

1. b3 b6 2. e3 Bb7 3. Bb2 e6 4. Nf3 Nf6 5. g3 g6 6. Bg2 Bg7 7. O-O O-O 8. d4 d6
9. c4 Nbd7 10. Nbd2 Qc8 11. Rc1 c5 12. dxc5 Nxc5 13. Ne1 Bxg2 14. Kxg2 Qc6+ 15.
Kg1 Rad8 16. Qf3 Qxf3 17. Ndxf3 e5 18. Rd1 Rfe8 19. Nc2 a5 20. Na3 h6 21. Nb5
Nb7 22. Ba3 Bf8 23. Nc7 Re7 24. Nd5 Nxd5 25. cxd5 Rc7 26. Rc1 Rdc8 27. Rxc7 Rxc7
28. Rc1 Rxc1+ 29. Bxc1 Nc5 30. Nd2 b5 31. Nb1 b4 32. f3 f5 33. Kf1 e4 34. fxe4
fxe4 35. Ke2 Bg7 36. Nd2 a4 37. bxa4 Kf7 38. a5 Ke7 39. Nb3 Na6 40. Nd4 Kd7 41.
a3 bxa3 42. Bxa3 Be5 43. Kd2 h5 44. Nc6 Bf6 45. Nb4 Nc7 46. a6 Nb5 47. Nc2 Kc7
48. Kc1 Kb6 49. Bb2 Bxb2+ 50. Kxb2 Kxa6 51. Kb3 Ka5 52. Nd4 Nxd4+ 53. exd4 Kb5
54. Kc3 Ka4 55. Kd2 Kb4 56. Ke3 Kc3 57. Kxe4 Kd2 58. h3 Kc3 59. g4 hxg4 60. hxg4
Kc4 61. Ke3 Kxd5 62. g5 Ke6 63. Ke4 d5+ 64. Kf4 1/2-1/2

[Event "AUTO-MASTER-1725"]
[Site "http://www.queenalice.com/game.php?id=1099226"]
[Date "2012.9.3"]
[Round "1"]
[White "Rutty"]
[Black "fernandocomparsi"]
[Result "1/2-1/2"]
[WhiteElo "2025"]
[BlackElo "2092"]

1. d4 d5 2. Nf3 e6 3. Nc3 Nf6 4. Bg5 Be7 5. e3 O-O 6. Bd3 h6 7. Bxf6 Bxf6 8. O-O
Nd7 9. e4 dxe4 10. Bxe4 c6 11. Re1 Nb6 12. Qd3 Nd5 13. Rad1 Qb6 14. Na4 Qa5 15.
Bxd5 cxd5 16. Nc3 b6 17. a3 Qa6 18. Ne5 Bxe5 19. Rxe5 Qb7 20. Qg3 f6 21. Re3 f5
22. Qe5 Qf7 23. f4 Qf6 24. Qxf6 Rxf6 25. Nb5 Bd7 26. a4 Bxb5 27. axb5 a5 28. Rc3
Rb8 29. Rc6 Rb7 30. Rd3 Kf7 31. Rdc3 Kg6 32. Rd6 Kh5 33. Rcc6 Kg4 34. g3 g5 35.
fxg5 hxg5 36. Kg2 f4 37. gxf4 gxf4 38. Rxd5 f3+ 39. Kf2 Rh6 40. h3+ Rxh3 41.
Rxe6 Rh2+ 42. Kf1 Rxc2 43. Re4+ Kg3 44. Rg5+ Kh3 45. Re6 Kh4 46. Rg8 Rh7 47. Rg1
Rc1+ 48. Kf2 Rxg1 49. Kxg1 Kg3 50. Rg6+ Kf4 51. Rxb6 Rd7 52. Rf6+ Ke3 53. b6
Kxd4 54. Rxf3 Rb7 55. Ra3 1/2-1/2

[Event "AUTO-MASTER-1725"]
[Site "http://www.queenalice.com/game.php?id=1099227"]
[Date "2012.9.3"]
[Round "1"]
[White "fernandocomparsi"]
[Black "Rutty"]
[Result "1-0"]
[WhiteElo "2079"]
[BlackElo "2113"]

1. d4 d5 2. c4 c6 3. cxd5 cxd5 4. Nc3 Nf6 5. g3 e6 6. Bg2 Be7 7. e3 O-O 8. Nge2
Nc6 9. O-O Bd7 10. a3 Rc8 11. Nf4 a6 12. Bd2 b5 13. b4 Bd6 14. Nd3 a5 15. Nxb5
Nxb4 16. Nxd6 Nxd3 17. Nxc8 Qxc8 18. a4 Nb2 19. Qb3 Nc4 20. Bc3 Qc7 21. Rfc1 h6
22. Bf1 Rb8 23. Qa2 Ne4 24. Bxc4 dxc4 25. Be1 c3 26. f3 Rb2 27. Qa3 Nd2 28. Bxd2
Rxd2 29. Qxc3 1-0

[Event "AUTO-MASTER-1620"]
[Site "http://www.queenalice.com/game.php?id=1123894"]
[Date "2012.11.19"]
[Round "2"]
[White "fernandocomparsi"]
[Black "danielglowinski"]
[Result "0-1"]
[WhiteElo "2021"]
[BlackElo "2337"]

1. e4 c5 2. Nf3 d6 3. c3 Nf6 4. Be2 Nc6 5. Qc2 Bg4 6. h3 Bxf3 7. Bxf3 e6 8. O-O
Be7 9. d3 O-O 10. Be3 d5 11. exd5 Nxd5 12. Nd2 Rc8 0-1

[Event "AUTO-MASTER-1620"]
[Site "http://www.queenalice.com/game.php?id=1123895"]
[Date "2012.11.19"]
[Round "2"]
[White "danielglowinski"]
[Black "fernandocomparsi"]
[Result "1-0"]
[WhiteElo "2402"]
[BlackElo "2041"]

1. e4 e5 2. Nf3 Nc6 3. d4 exd4 4. Nxd4 Nxd4 5. Qxd4 d6 6. Nc3 Nf6 7. Bc4 Be6 8.
Bf4 Be7 9. O-O-O c5 10. Bb5+ Bd7 11. Qe3 Bxb5 12. Nxb5 O-O 13. Bxd6 Bxd6 14.
Nxd6 Qb6 15. Rd2 Rad8 16. e5 Ne8 17. Rhd1 Nc7 18. Nc4 Rxd2 19. Nxb6 Rxd1+ 20.
Kxd1 Rd8+ 21. Kc1 axb6 22. Qe4 Rb8 23. Qa4 b5 24. Qa5 b6 25. Qa7 1-0

[Event "AUTO-MASTER-1725"]
[Site "http://www.queenalice.com/game.php?id=1127986"]
[Date "2012.12.3"]
[Round "2"]
[White "jtomasia"]
[Black "fernandocomparsi"]
[Result "0-1"]
[WhiteElo "2030"]
[BlackElo "2020"]

1. e4 e5 2. Nf3 Nc6 3. Bb5 a6 4. Bxc6 dxc6 5. O-O Bg4 6. h3 Bh5 7. d3 f6 8. Be3
Qd7 9. Nbd2 O-O-O 10. Qc1 Bd6 11. g4 Bxg4 12. hxg4 Qxg4+ 13. Kh1 h5 14. Rg1 Qh3+
15. Nh2 g5 16. Rg3 Qe6 17. f3 f5 18. exf5 Qxf5 19. Rxg5 Qh3 20. Qf1 Qh4 21. Ne4
Rf8 22. Qg1 Qh3 23. Qg2 Qe6 24. Rg1 Ne7 25. Nf1 h4 0-1

[Event "AUTO-MASTER-1725"]
[Site "http://www.queenalice.com/game.php?id=1127987"]
[Date "2012.12.3"]
[Round "2"]
[White "fernandocomparsi"]
[Black "jtomasia"]
[Result "1-0"]
[WhiteElo "2036"]
[BlackElo "2014"]

1. d4 d5 2. c4 e6 3. Nc3 Bb4 4. cxd5 exd5 5. Nf3 Nf6 6. a3 Bxc3+ 7. bxc3 O-O 8.
Bg5 c6 9. h3 Qa5 10. Qb3 Ne4 11. Bd2 Nd7 12. e3 b5 13. Bd3 Nxd2 14. Nxd2 Nb6 15.
O-O Nc4 16. Bxc4 bxc4 17. Qc2 Rb8 18. e4 Bd7 19. e5 g6 20. a4 Bf5 21. Qc1 Rb7
22. g4 Bd3 23. Re1 Re8 24. Qa3 Re6 25. f4 Qd8 26. Kg2 1-0

[Event "AUTO-MASTER-1725"]
[Site "http://www.queenalice.com/game.php?id=1127988"]
[Date "2012.12.3"]
[Round "2"]
[White "hba111"]
[Black "fernandocomparsi"]
[Result "1-0"]
[WhiteElo "2547"]
[BlackElo "2045"]

1. e4 e5 2. Nf3 Nc6 3. Bb5 a6 4. Ba4 Nf6 5. O-O b5 6. Bb3 Be7 7. d4 d6 8. dxe5
Nxe5 9. Nxe5 dxe5 10. Qxd8+ Bxd8 11. Be3 O-O 12. a4 c6 13. axb5 cxb5 14. Nc3 Bb7
15. f3 Bc7 16. g4 Rad8 17. Kh1 h6 18. h4 Nh7 19. Nd5 Bxd5 20. Bxd5 g5 21. Rxa6
1-0

[Event "AUTO-MASTER-1725"]
[Site "http://www.queenalice.com/game.php?id=1127989"]
[Date "2012.12.3"]
[Round "2"]
[White "fernandocomparsi"]
[Black "hba111"]
[Result "0-1"]
[WhiteElo "2034"]
[BlackElo "2509"]

1. d4 d6 2. c4 g6 3. e3 Bg7 4. Nf3 Nf6 5. Nc3 O-O 6. Bd3 e5 7. d5 c6 8. e4 cxd5
9. cxd5 Na6 10. Bxa6 bxa6 11. h3 a5 12. O-O Ba6 13. Re1 Rc8 14. Be3 Nd7 15. Bxa7
f5 16. Rc1 f4 0-1

[Event "AUTO-MASTER-1720"]
[Site "http://www.queenalice.com/game.php?id=1148852"]
[Date "2013.2.5"]
[Round "2"]
[White "fernandocomparsi"]
[Black "BEBADO"]
[Result "0-1"]
[WhiteElo "2028"]
[BlackElo "2281"]

1. d4 Nf6 2. c4 e6 3. Nc3 d5 4. cxd5 exd5 5. Nf3 Be7 6. Bf4 O-O 7. e3 c6 8. Bd3
Nbd7 9. O-O Re8 10. Rc1 Nf8 11. h3 Ng6 0-1